|
|
|
|
| LEADER |
00000nab a2200000 a 4500 |
| 001 |
vtls000171560 |
| 003 |
SK-MaSNL |
| 005 |
20260303185059.0 |
| 008 |
160215c1984 xo 0 slo |
| 015 |
|
|
|a SNBRB19rr/mm-uuuuu
|
| 035 |
|
|
|a CL0181671
|
| 040 |
|
|
|a SNKBUCL
|b slo
|c SNKBUCL
|e AACR2
|
| 041 |
0 |
|
|a slo
|
| 044 |
|
|
|a xo
|c SK
|
| 080 |
|
|
|a 82.09:82.015:885.4(048)
|2 1981
|
| 080 |
|
|
|a 82.015
|2 1981
|
| 080 |
|
|
|a 885.4(048)
|2 1981
|
| 080 |
|
|
|a 885.4.015(048)
|2 1981
|
| 080 |
|
|
|a 82
|2 1981
|
| 080 |
|
|
|a 301(048)
|2 1981
|
| 100 |
1 |
|
|a (pš)
|4 aut
|9 900393
|
| 245 |
1 |
0 |
|a Dielo orientačné
|b Andrej Červeňák: Socialistický realizmus v diskusii
|c (pš) ; Andrej Červeňák
|
| 650 |
0 |
7 |
|a socialistický realizmus (literatúra)
|2 snkbucl
|9 73000
|
| 655 |
|
7 |
|a články z novín a časopisov
|2 snkbucl
|9 267496
|
| 655 |
|
7 |
|a články z odboru literárna veda a krásna literatúra
|2 snkbucl
|9 770045
|
| 700 |
1 |
|
|a Červeňák, Andrej,
|d 1932-2012
|4 aut
|9 153402
|
| 773 |
0 |
|
|t Nové knihy
|g Č. 5 (1984), s. 2
|
| 787 |
0 |
8 |
|i Rec.:
|a Červeňák, Andrej
|t Socialistický realizmus v diskusii
|d Bratislava : Slovenský spisovateľ, 1983
|
| 850 |
|
|
|a Slovenská národná knižnica v Martine
|a MTA001
|
| 852 |
|
|
|a SNK
|b KIS3GCP
|
| 958 |
|
|
|a BX
|
| 958 |
|
|
|a RK
|
| 958 |
|
|
|a LX
|
| 992 |
|
|
|a RBX
|
| 999 |
|
|
|c 2129641
|d 2131571
|